AVERROES : (Record no. 8795)
[ view plain ]
| 000 -الفاتح | |
|---|---|
| حقل البيانات ثابتة الطول | 00613nam a2200229Ia 4500 |
| 005 - وقت وتاريخ اخر تعامل مع التسجيلة | |
| رقم الضبط | 20240530095617.0 |
| 008 - عناصر البيانات ثابتة الطول - معلومات عامة | |
| حقل البيانات ثابتة الطول | 140319s9999 xx 000 0 eng d |
| 020 ## - الرقم الدولى المعيارى للكتب | |
| الرقم الدولى المعيارى للكتاب | 2721480144 |
| 040 ## - مصدر الفهرسة | |
| وكالة الفهرسة الأصلية | GCL / |
| وكالة النسخ | GCL |
| 082 04 - رقم تصنيف ديوى العشرى | |
| رقم التصنيف | 189.1 |
| رقم المادة | B A |
| 100 1# - المدخل الرئيسى - إسم شخصى | |
| الإسم الشخصى | BOUYGES, MAURICE |
| 245 10 - بيان العنوان | |
| العنوان | AVERROES : |
| بقية العنوان | TAFSIR MA BAD AT-TABIAT / |
| بيان المسئوليه,etc | BOUYGES, MAURICE |
| 260 ## - PUBLICATION, DISTRIBUTION, ETC. (IMPRINT) | |
| تاريخ النشر أو التوزيع | 1990 |
| 300 ## - الوصف المادى | |
| التعداد | 24 CM |
| 650 04 - المدخل الاضافى بالموضوع-مصطلح موضوعى | |
| مصطلح موضوعي | ISLAMIC PHILOSOPHY |
| 650 04 - المدخل الاضافى بالموضوع-مصطلح موضوعى | |
| مصطلح موضوعي | IBN RUSHED |
| 650 04 - المدخل الاضافى بالموضوع-مصطلح موضوعى | |
| مصطلح موضوعي | PHILOSOPHERS |
| 650 04 - المدخل الاضافى بالموضوع-مصطلح موضوعى | |
| مصطلح موضوعي | PHILOSOPHERS - MUSLIM |
| 650 04 - المدخل الاضافى بالموضوع-مصطلح موضوعى | |
| مصطلح موضوعي | ISLAMIC PHILOSOPHERS |
| 942 ## - عناصر المدخل الإضافي( كوها) | |
| مصدر التصنيف او مخطط الترفيف | Dewey Decimal Classification |
| Koha [default] item type | كتاب |
| 260 ## - PUBLICATION, DISTRIBUTION, ETC. (IMPRINT) | |
| -- | بيروت : |
| -- | دار المشرق ، |
| حالة التراجع | حالة الفقد | حالة تلف | ليس للاعارة | المكان المؤقت | الموقع الحالى | تاريخ الاكتساب | اجمالي اﻻعارات | رقم الطلب | الباركود | تاريخ اخر مشاهدة | تاريخ تفعيل السعر | نوع وعاء كوها | مصدر التصنيف او خطة الترفيف |
|---|---|---|---|---|---|---|---|---|---|---|---|---|---|
| مكتبة القاهرة الكبرى | مكتبة القاهرة الكبرى | 03/26/2014 | 189.1\B A | 18474 | 03/26/2014 | 03/26/2014 | كتاب | ||||||
| مكتبة القاهرة الكبرى | مكتبة القاهرة الكبرى | 03/26/2014 | 189.1\B A | 18475 | 03/26/2014 | 03/26/2014 | كتاب | ||||||
| مكتبة القاهرة الكبرى | مكتبة القاهرة الكبرى | 03/26/2014 | 189.1\B A | 18476 | 03/26/2014 | 03/26/2014 | كتاب | ||||||
| مكتبة القاهرة الكبرى | مكتبة القاهرة الكبرى | 03/17/2019 | 189.1 B A | 165703 | 03/17/2019 | 03/17/2019 | كتاب | ddc |

